000 00798nam a22002297a 4500
999 _c16726
_d16726
003 AR-CdUCM
008 190504b ||||| |||| 00| 0 spa d
040 _aMUNICIPALIDAD PROVINCIAL DEL CUSCO
_cBIBLIOTECA MUNICIPAL DEL CUSCO
082 _a920.72 /
_bM26
110 _aTalleres tipográficos de Domingo Miranda.
_936331
245 _aMártires y Heroínas /
260 _aLima :
_bTalleres tipográficos de Domingo Miranda,
_c1945.
300 _a205 páginas ;
_c18 cm.
440 _aLos pequeños grandes libros de historia americana.
_936332
500 _aSerie I.
505 _aContenido :Mártires y heroínas.
650 _aMártires.
_918206
650 _aHeroínas.
_936333
700 _aLoayza, Francisco A. (comentarista)
_936334
942 _2ddc
_cLIBROS
945 _arum
_d2019-05-04